Leader xxxxxxxxxx
001 __ PCLIS00045473
005 __ 20210723135720.0
009 __ |a(CIP)95019277
010 0_ |a986-7135-92-X|b平裝|dNT$180
050 __ |z101826454
100 __ |a20060926d2006 m y0chiy09 e
101 0_ |achi
102 __ |atw
105 __ |ay z 000ay
200 1_ |a對不起,忘了你|dSorry, but I have to move on|zeng|f橘子作
205 __ |a初版
210 __ |a臺北市|c春天出版國際出版|a臺北縣泰山鄉|c凌域國際公司總經銷|d2006[民95]
211 __ |a0611
215 0_ |a217面|d21公分
225 1_ |a橘子作品|v9
314 __ |a著者本名薛慧儀
681 __ |a857.7|b844
700 _0 |a橘子|4作
801 _0 |atw|bCIP|c20060926|gCCR
801 _1 |atw|bCIP|c20060926|gCCR
801 _2 |atw|b國圖|c20070402|gCCR
801 _1 |atw|b內湖高中|c20130125|gCCR
801 _2 |atw|b內湖高中|c20210723|gCCR
|